[Event "DEM U12w 2025"]
[Site "Willingen GER"]
[Date "2025.06.11"]
[Round "6"]
[White "Szymil, Alicja"]
[Black "Nehrukumar, Rithika"]
[Result "1-0"]
[Termination "normal"]
[Board "12"]
[WhiteElo "1476"]
[BlackElo "1692"]
[WhiteClock "01:01:02"]
[BlackClock "00:32:48"]
[PlyCount "127"]
[WhiteFideId "34654240"]
[BlackFideId "34660550"]
[EventCountry "GER"]
[EventRounds "9"]
[EventType "swiss"]
[EventDate "2025.06.07"]

1. e4 {[%clk 01:30:57]} {[%emt 00:00:02]} e5 {[%clk 01:30:53]} {[%emt
00:00:08]} 2. Nf3 {[%clk 01:31:22]} {[%emt 00:00:05]} Nc6 {[%clk 01:31:18]}
{[%emt 00:00:06]} 3. Bc4 {[%clk 01:31:43]} {[%emt 00:00:08]} Bc5 {[%clk
01:31:32]} {[%emt 00:00:15]} 4. O-O {[%clk 01:32:04]} {[%emt 00:00:09]} Nf6
{[%clk 01:31:36]} {[%emt 00:00:27]} 5. Re1 {[%clk 01:32:21]} {[%emt 00:00:13]}
O-O {[%clk 01:31:37]} {[%emt 00:00:29]} 6. d3 {[%clk 01:32:38]} {[%emt
00:00:12]} h6 {[%clk 01:31:50]} {[%emt 00:00:18]} 7. Nbd2 {[%clk 01:33:02]}
{[%emt 00:00:07]} d6 {[%clk 01:31:35]} {[%emt 00:00:44]} 8. Nf1 {[%clk
01:33:19]} {[%emt 00:00:13]} Re8 {[%clk 01:24:34]} {[%emt 00:07:31]} 9. Ng3
{[%clk 01:33:02]} {[%emt 00:00:46]} Qe7 {[%clk 01:16:17]} {[%emt 00:08:47]} 10.
Be3 {[%clk 01:28:53]} {[%emt 00:04:40]} Bb6 {[%clk 01:14:58]} {[%emt 00:01:50]}
11. h3 {[%clk 01:28:07]} {[%emt 00:01:15]} Be6 {[%clk 01:14:59]} {[%emt
00:00:29]} 12. Bb3 {[%clk 01:27:53]} {[%emt 00:00:44]} Qd7 {[%clk 01:06:02]}
{[%emt 00:09:27]} 13. Bxe6 {[%clk 01:27:21]} {[%emt 00:01:02]} Rxe6 {[%clk
01:04:15]} {[%emt 00:02:17]} 14. Qd2 {[%clk 01:27:02]} {[%emt 00:00:47]} d5
{[%clk 00:59:16]} {[%emt 00:05:32]} 15. Bxb6 {[%clk 01:22:40]} {[%emt
00:04:51]} axb6 {[%clk 00:59:10]} {[%emt 00:00:36]} 16. a3 {[%clk 01:17:43]}
{[%emt 00:05:27]} Ra4 {[%clk 00:54:30]} {[%emt 00:05:07]} 17. b3 {[%clk
01:16:46]} {[%emt 00:01:29]} Ra5 {[%clk 00:53:02]} {[%emt 00:01:58]} 18. Nh4
{[%clk 01:05:38]} {[%emt 00:11:38]} Ne7 {[%clk 00:49:09]} {[%emt 00:04:21]} 19.
Qe2 {[%clk 01:02:23]} {[%emt 00:03:46]} Qc6 {[%clk 00:41:57]} {[%emt 00:07:44]}
20. b4 {[%clk 01:01:59]} {[%emt 00:00:53]} Ra8 {[%clk 00:40:55]} {[%emt
00:01:28]} 21. exd5 {[%clk 01:00:58]} {[%emt 00:01:36]} Nfxd5 {[%clk 00:37:51]}
{[%emt 00:03:34]} 22. c4 {[%clk 01:00:44]} {[%emt 00:00:43]} Nf4 {[%clk
00:37:16]} {[%emt 00:01:05]} 23. Qe4 {[%clk 00:59:52]} {[%emt 00:01:22]} Qxe4
{[%clk 00:36:04]} {[%emt 00:01:42]} 24. dxe4 {[%clk 01:00:13]} {[%emt
00:00:09]} Rd8 {[%clk 00:36:17]} {[%emt 00:00:17]} 25. Red1 {[%clk 00:58:23]}
{[%emt 00:02:20]} Red6 {[%clk 00:36:12]} {[%emt 00:00:35]} 26. Rxd6 {[%clk
00:58:35]} {[%emt 00:00:19]} Rxd6 {[%clk 00:36:29]} {[%emt 00:00:13]} 27. Nhf5
{[%clk 00:58:50]} {[%emt 00:00:14]} Nxf5 {[%clk 00:36:14]} {[%emt 00:00:46]}
28. Nxf5 {[%clk 00:59:05]} {[%emt 00:00:14]} Rd3 {[%clk 00:36:23]} {[%emt
00:00:20]} 29. Ne7+ {[%clk 00:58:06]} {[%emt 00:01:30]} Kh7 {[%clk 00:34:25]}
{[%emt 00:02:29]} 30. Nd5 {[%clk 00:58:17]} {[%emt 00:00:19]} Nxd5 {[%clk
00:34:44]} {[%emt 00:00:10]} 31. cxd5 {[%clk 00:58:37]} {[%emt 00:00:09]} Rd4
{[%clk 00:35:06]} {[%emt 00:00:09]} 32. f3 {[%clk 00:58:56]} {[%emt 00:00:11]}
c6 {[%clk 00:35:02]} {[%emt 00:00:34]} 33. dxc6 {[%clk 00:59:15]} {[%emt
00:00:12]} bxc6 {[%clk 00:35:26]} {[%emt 00:00:06]} 34. Rc1 {[%clk 00:59:28]}
{[%emt 00:00:17]} Rd6 {[%clk 00:35:29]} {[%emt 00:00:26]} 35. Kf1 {[%clk
00:59:41]} {[%emt 00:00:17]} Kg6 {[%clk 00:35:25]} {[%emt 00:00:34]} 36. Ke2
{[%clk 00:58:44]} {[%emt 00:01:26]} Kg5 {[%clk 00:34:34]} {[%emt 00:01:23]} 37.
g3 {[%clk 00:56:40]} {[%emt 00:02:34]} h5 {[%clk 00:33:54]} {[%emt 00:01:09]}
38. h4+ {[%clk 00:56:37]} {[%emt 00:00:34]} Kf6 {[%clk 00:29:22]} {[%emt
00:05:02]} 39. Ke3 {[%clk 00:56:45]} {[%emt 00:00:22]} g5 {[%clk 00:29:28]}
{[%emt 00:00:24]} 40. a4 {[%clk 00:55:26]} {[%emt 00:01:49]} gxh4 {[%clk
00:27:24]} {[%emt 00:02:34]} 41. gxh4 {[%clk 00:55:48]} {[%emt 00:00:07]} c5
{[%clk 00:26:40]} {[%emt 00:01:15]} 42. bxc5 {[%clk 00:56:01]} {[%emt
00:00:17]} bxc5 {[%clk 00:26:40]} {[%emt 00:00:30]} 43. Rxc5 {[%clk 00:56:07]}
{[%emt 00:00:24]} Ra6 {[%clk 00:27:07]} {[%emt 00:00:03]} 44. a5 {[%clk
00:56:29]} {[%emt 00:00:08]} Ke6 {[%clk 00:27:06]} {[%emt 00:00:31]} 45. Rd5
{[%clk 00:56:46]} {[%emt 00:00:12]} f5 {[%clk 00:27:04]} {[%emt 00:00:32]} 46.
Rb5 {[%clk 00:56:52]} {[%emt 00:00:24]} f4+ {[%clk 00:26:43]} {[%emt 00:00:51]}
47. Kd3 {[%clk 00:57:01]} {[%emt 00:00:21]} Kd6 {[%clk 00:27:06]} {[%emt
00:00:07]} 48. Rb6+ {[%clk 00:56:53]} {[%emt 00:00:38]} Rxb6 {[%clk 00:27:20]}
{[%emt 00:00:17]} 49. axb6 {[%clk 00:57:18]} {[%emt 00:00:05]} Kc6 {[%clk
00:27:47]} {[%emt 00:00:02]} 50. Kc4 {[%clk 00:57:32]} {[%emt 00:00:16]} Kxb6
{[%clk 00:28:12]} {[%emt 00:00:06]} 51. Kd5 {[%clk 00:57:56]} {[%emt 00:00:06]}
Kc7 {[%clk 00:28:41]} {[%emt 00:00:01]} 52. Kxe5 {[%clk 00:58:08]} {[%emt
00:00:18]} Kd7 {[%clk 00:29:09]} {[%emt 00:00:02]} 53. Kxf4 {[%clk 00:58:24]}
{[%emt 00:00:14]} Ke6 {[%clk 00:29:28]} {[%emt 00:00:10]} 54. Kg5 {[%clk
00:58:45]} {[%emt 00:00:09]} Ke5 {[%clk 00:29:43]} {[%emt 00:00:16]} 55. Kxh5
{[%clk 00:59:00]} {[%emt 00:00:14]} Kf4 {[%clk 00:30:03]} {[%emt 00:00:11]} 56.
Kg6 {[%clk 00:59:23]} {[%emt 00:00:06]} Kxf3 {[%clk 00:30:28]} {[%emt
00:00:05]} 57. e5 {[%clk 00:59:44]} {[%emt 00:00:09]} Kg4 {[%clk 00:30:52]}
{[%emt 00:00:06]} 58. e6 {[%clk 01:00:05]} {[%emt 00:00:09]} Kxh4 {[%clk
00:31:16]} {[%emt 00:00:06]} 59. e7 {[%clk 01:00:29]} {[%emt 00:00:06]} Kg4
{[%clk 00:31:41]} {[%emt 00:00:05]} 60. e8=Q {[%clk 01:00:51]} {[%emt
00:00:08]} Kf4 {[%clk 00:31:51]} {[%emt 00:00:21]} 61. Qe6 {[%clk 01:00:09]}
{[%emt 00:01:10]} Kf3 {[%clk 00:32:01]} {[%emt 00:00:21]} 62. Qe5 {[%clk
01:00:33]} {[%emt 00:00:07]} Kg4 {[%clk 00:32:28]} {[%emt 00:00:02]} 63. Qf5+
{[%clk 01:00:45]} {[%emt 00:00:19]} Kg3 {[%clk 00:32:48]} {[%emt 00:00:09]} 64.
Qe4 {[%clk 01:01:02]} {[%emt 00:00:13]} 1-0

[Event "DEM U12w 2025"]
[Site "Willingen GER"]
[Date "2025.06.11"]
[Round "6"]
[White "Naz Öksüz, Meryem"]
[Black "Lukas, Olivia"]
[Result "1-0"]
[Termination "normal"]
[Board "13"]
[WhiteElo "1393"]
[BlackElo "1585"]
[WhiteClock "01:14:47"]
[BlackClock "00:42:24"]
[PlyCount "77"]
[WhiteFideId "533025860"]
[BlackFideId "34632239"]
[EventCountry "GER"]
[EventRounds "9"]
[EventType "swiss"]
[EventDate "2025.06.07"]

1. e4 {[%clk 01:30:58]} {[%emt 00:00:02]} e5 {[%clk 01:30:55]} {[%emt
00:00:06]} 2. Nf3 {[%clk 01:31:21]} {[%emt 00:00:05]} Nc6 {[%clk 01:31:23]}
{[%emt 00:00:04]} 3. Bc4 {[%clk 01:31:40]} {[%emt 00:00:10]} Bc5 {[%clk
01:31:50]} {[%emt 00:00:04]} 4. O-O {[%clk 01:32:04]} {[%emt 00:00:05]} Nf6
{[%clk 01:32:17]} {[%emt 00:00:04]} 5. d4 {[%clk 01:32:26]} {[%emt 00:00:07]}
exd4 {[%clk 01:32:42]} {[%emt 00:00:06]} 6. e5 {[%clk 01:32:41]} {[%emt
00:00:15]} d5 {[%clk 01:33:05]} {[%emt 00:00:07]} 7. exf6 {[%clk 01:33:05]}
{[%emt 00:00:05]} dxc4 {[%clk 01:33:32]} {[%emt 00:00:04]} 8. fxg7 {[%clk
01:33:24]} {[%emt 00:00:10]} Rg8 {[%clk 01:33:58]} {[%emt 00:00:04]} 9. Re1+
{[%clk 01:33:44]} {[%emt 00:00:09]} Be6 {[%clk 01:34:23]} {[%emt 00:00:06]} 10.
Bg5 {[%clk 01:33:48]} {[%emt 00:00:26]} Be7 {[%clk 01:34:32]} {[%emt 00:00:21]}
11. Bxe7 {[%clk 01:33:51]} {[%emt 00:00:27]} Qxe7 {[%clk 01:34:38]} {[%emt
00:00:25]} 12. Nxd4 {[%clk 01:33:23]} {[%emt 00:00:57]} O-O-O {[%clk 01:32:59]}
{[%emt 00:02:09]} 13. c3 {[%clk 01:33:30]} {[%emt 00:00:23]} Nxd4 {[%clk
01:28:38]} {[%emt 00:04:51]} 14. cxd4 {[%clk 01:32:57]} {[%emt 00:01:03]} Rxg7
{[%clk 01:27:06]} {[%emt 00:02:02]} 15. Nc3 {[%clk 01:31:25]} {[%emt 00:02:02]}
Qg5 {[%clk 01:25:31]} {[%emt 00:02:06]} 16. g3 {[%clk 01:31:24]} {[%emt
00:00:31]} Bg4 {[%clk 01:23:19]} {[%emt 00:02:40]} 17. Qc1 {[%clk 01:31:02]}
{[%emt 00:00:52]} Qh5 {[%clk 01:21:14]} {[%emt 00:02:35]} 18. Qf4 {[%clk
01:29:05]} {[%emt 00:02:14]} f5 {[%clk 01:19:18]} {[%emt 00:02:39]} 19. Re5
{[%clk 01:27:07]} {[%emt 00:02:28]} Rd6 {[%clk 00:52:47]} {[%emt 00:27:01]} 20.
Rae1 {[%clk 01:22:53]} {[%emt 00:04:43]} Rh6 {[%clk 00:52:13]} {[%emt
00:01:07]} 21. h4 {[%clk 01:22:40]} {[%emt 00:00:42]} b6 {[%clk 00:45:43]}
{[%emt 00:07:01]} 22. Nd5 {[%clk 01:15:45]} {[%emt 00:07:25]} Rd6 {[%clk
00:40:08]} {[%emt 00:06:04]} 23. Ne7+ {[%clk 01:15:11]} {[%emt 00:01:04]} Kb7
{[%clk 00:39:43]} {[%emt 00:00:56]} 24. Nxf5 {[%clk 01:15:04]} {[%emt
00:00:37]} Bxf5 {[%clk 00:40:02]} {[%emt 00:00:10]} 25. Rxf5 {[%clk 01:15:18]}
{[%emt 00:00:16]} Rxd4 {[%clk 00:40:28]} {[%emt 00:00:05]} 26. Qxd4 {[%clk
01:15:04]} {[%emt 00:00:43]} Qxf5 {[%clk 00:40:17]} {[%emt 00:00:41]} 27. Qxg7
{[%clk 01:15:15]} {[%emt 00:00:18]} Qc2 {[%clk 00:40:04]} {[%emt 00:00:44]} 28.
Qc3 {[%clk 01:15:09]} {[%emt 00:00:34]} Qf5 {[%clk 00:40:25]} {[%emt 00:00:11]}
29. Qxc4 {[%clk 01:14:49]} {[%emt 00:00:52]} Qa5 {[%clk 00:40:48]} {[%emt
00:00:06]} 30. b4 {[%clk 01:14:56]} {[%emt 00:00:23]} Qa4 {[%clk 00:41:08]}
{[%emt 00:00:10]} 31. Rf1 {[%clk 01:14:45]} {[%emt 00:00:40]} a5 {[%clk
00:41:21]} {[%emt 00:00:17]} 32. Qd5+ {[%clk 01:14:59]} {[%emt 00:00:14]} Kb8
{[%clk 00:41:29]} {[%emt 00:00:24]} 33. bxa5 {[%clk 01:15:09]} {[%emt
00:00:21]} h5 {[%clk 00:41:31]} {[%emt 00:00:27]} 34. axb6 {[%clk 01:14:32]}
{[%emt 00:01:08]} cxb6 {[%clk 00:41:52]} {[%emt 00:00:08]} 35. Re1 {[%clk
01:14:40]} {[%emt 00:00:17]} b5 {[%clk 00:41:36]} {[%emt 00:00:51]} 36. Re8+
{[%clk 01:14:49]} {[%emt 00:00:20]} Kc7 {[%clk 00:41:50]} {[%emt 00:00:17]} 37.
Re7+ {[%clk 01:14:34]} {[%emt 00:00:43]} Kb6 {[%clk 00:42:02]} {[%emt
00:00:21]} 38. Qd6+ {[%clk 01:14:47]} {[%emt 00:00:14]} Ka5 {[%clk 00:42:24]}
{[%emt 00:00:10]} 39. Ra7# {[%emt 00:00:07]} 1-0

[Event "DEM U12w 2025"]
[Site "Willingen GER"]
[Date "2025.06.11"]
[Round "6"]
[White "Döscher, Nayla"]
[Black "Sniegowski, Victoria"]
[Result "1-0"]
[Termination "normal"]
[Board "14"]
[WhiteElo "1495"]
[BlackElo "1525"]
[WhiteClock "00:05:32"]
[BlackClock "00:24:44"]
[PlyCount "69"]
[WhiteFideId "34625046"]
[BlackFideId "34675612"]
[EventCountry "GER"]
[EventRounds "9"]
[EventType "swiss"]
[EventDate "2025.06.07"]

1. e4 {[%clk 01:30:58]} {[%emt 00:00:02]} e5 {[%clk 01:30:47]} {[%emt
00:00:14]} 2. Nf3 {[%clk 01:31:15]} {[%emt 00:00:12]} Nf6 {[%clk 01:30:50]}
{[%emt 00:00:27]} 3. Nc3 {[%clk 01:31:40]} Bb4 {[%clk 01:25:05]} {[%emt
00:06:20]} 4. Bc4 {[%clk 01:31:43]} d6 {[%clk 01:23:08]} {[%emt 00:02:54]} 5.
Nd5 {[%clk 01:29:37]} {[%emt 00:02:36]} Nxd5 {[%clk 01:19:47]} {[%emt
00:03:51]} 6. exd5 {[%clk 01:26:49]} {[%emt 00:03:18]} Bg4 {[%clk 01:18:56]}
{[%emt 00:01:20]} 7. O-O {[%clk 01:04:00]} {[%emt 00:23:19]} e4 {[%clk
01:16:58]} {[%emt 00:02:29]} 8. Qe2 {[%clk 01:02:52]} {[%emt 00:01:38]} Qe7
{[%clk 01:06:57]} {[%emt 00:10:31]} 9. Re1 {[%clk 01:02:55]} {[%emt 00:00:26]}
Bxf3 {[%clk 01:00:28]} {[%emt 00:07:00]} 10. gxf3 {[%clk 01:02:35]} {[%emt
00:00:50]} Qg5+ {[%clk 00:58:27]} {[%emt 00:02:31]} 11. Kh1 {[%clk 01:02:21]}
{[%emt 00:00:44]} O-O {[%clk 00:58:46]} {[%emt 00:00:11]} 12. fxe4 {[%clk
00:58:56]} {[%emt 00:03:55]} Re8 {[%clk 00:58:27]} {[%emt 00:00:48]} 13. c3
{[%clk 00:53:26]} {[%emt 00:06:01]} Ba5 {[%clk 00:58:40]} {[%emt 00:00:17]} 14.
d4 {[%clk 00:52:59]} {[%emt 00:00:57]} Qh4 {[%clk 00:58:12]} {[%emt 00:00:58]}
15. Bd3 {[%clk 00:51:56]} {[%emt 00:01:32]} Nd7 {[%clk 00:56:03]} {[%emt
00:02:39]} 16. Rg1 {[%clk 00:50:14]} {[%emt 00:02:12]} h6 {[%clk 00:47:46]}
{[%emt 00:08:47]} 17. Rg4 {[%clk 00:45:07]} {[%emt 00:05:36]} Qf6 {[%clk
00:46:25]} {[%emt 00:01:47]} 18. Rf4 {[%clk 00:42:08]} {[%emt 00:03:35]} Qe7
{[%clk 00:46:00]} {[%emt 00:00:48]} 19. Bd2 {[%clk 00:39:10]} {[%emt 00:03:34]}
g5 {[%clk 00:42:35]} {[%emt 00:03:55]} 20. Rg1 {[%clk 00:37:16]} {[%emt
00:02:24]} Kh8 {[%clk 00:38:18]} {[%emt 00:04:47]} 21. Qh5 {[%clk 00:27:29]}
{[%emt 00:10:11]} Kg7 {[%clk 00:35:30]} {[%emt 00:03:20]} 22. Rfg4 {[%clk
00:16:58]} {[%emt 00:10:34]} f6 {[%clk 00:32:01]} {[%emt 00:04:30]} 23. e5
{[%clk 00:11:09]} {[%emt 00:06:19]} dxe5 {[%clk 00:31:55]} {[%emt 00:00:37]}
24. Qg6+ {[%clk 00:11:18]} {[%emt 00:00:21]} Kf8 {[%clk 00:30:55]} {[%emt
00:01:25]} 25. Qxh6+ {[%clk 00:11:33]} {[%emt 00:00:19]} Qg7 {[%clk 00:31:07]}
{[%emt 00:00:18]} 26. Qh3 {[%clk 00:10:30]} {[%emt 00:01:21]} exd4 {[%clk
00:30:31]} {[%emt 00:01:19]} 27. Rh4 {[%clk 00:08:44]} {[%emt 00:01:49]} Kg8
{[%clk 00:26:42]} {[%emt 00:04:46]} 28. Rh7 {[%clk 00:08:19]} {[%emt 00:00:50]}
Re7 {[%clk 00:24:31]} {[%emt 00:02:46]} 29. Rxg7+ {[%clk 00:08:20]} {[%emt
00:00:28]} Rxg7 {[%clk 00:24:58]} {[%emt 00:00:03]} 30. Qe6+ {[%clk 00:08:13]}
{[%emt 00:00:32]} Rf7 {[%clk 00:25:07]} {[%emt 00:00:26]} 31. Bg6 {[%clk
00:06:12]} {[%emt 00:02:31]} Ne5 {[%clk 00:25:09]} {[%emt 00:00:29]} 32. Bxf7+
{[%clk 00:06:15]} {[%emt 00:00:27]} Nxf7 {[%clk 00:25:28]} {[%emt 00:00:10]}
33. Qxf6 {[%clk 00:06:15]} {[%emt 00:00:30]} Re8 {[%clk 00:25:24]} {[%emt
00:00:35]} 34. Bxg5 {[%clk 00:06:03]} {[%emt 00:00:41]} d3 {[%clk 00:24:44]}
{[%emt 00:01:10]} 35. Bh4+ {[%clk 00:05:32]} {[%emt 00:01:01]} 1-0

[Event "DEM U12w 2025"]
[Site "Willingen GER"]
[Date "2025.06.11"]
[Round "6"]
[White "Bacakova, Klara"]
[Black "Hendler, Felicitas"]
[Result "1-0"]
[Termination "normal"]
[Board "15"]
[WhiteElo "1571"]
[BlackElo "1519"]
[WhiteClock "00:21:17"]
[BlackClock "00:21:54"]
[PlyCount "49"]
[WhiteFideId "34605762"]
[BlackFideId "34616519"]
[EventCountry "GER"]
[EventRounds "9"]
[EventType "swiss"]
[EventDate "2025.06.07"]

1. e4 {[%clk 01:30:58]} c5 {[%clk 01:30:40]} {[%emt 00:00:21]} 2. d4 {[%clk
01:31:12]} {[%emt 00:00:15]} cxd4 {[%clk 01:29:48]} {[%emt 00:01:22]} 3. c3
{[%clk 01:31:33]} {[%emt 00:00:10]} Nf6 {[%clk 01:28:30]} {[%emt 00:01:47]} 4.
e5 {[%clk 01:31:53]} {[%emt 00:00:10]} Nd5 {[%clk 01:27:48]} {[%emt 00:01:13]}
5. Nf3 {[%clk 01:31:57]} {[%emt 00:00:26]} Nc6 {[%clk 01:24:02]} {[%emt
00:04:15]} 6. cxd4 {[%clk 01:24:11]} {[%emt 00:08:18]} d6 {[%clk 01:22:58]}
{[%emt 00:01:33]} 7. Bc4 {[%clk 01:24:36]} {[%emt 00:00:05]} Nb6 {[%clk
01:22:55]} {[%emt 00:00:32]} 8. Bb5 {[%clk 01:24:39]} {[%emt 00:00:27]} Nd5
{[%clk 01:07:33]} {[%emt 00:15:52]} 9. O-O {[%clk 01:21:34]} {[%emt 00:03:36]}
g6 {[%clk 01:03:39]} {[%emt 00:04:23]} 10. Ng5 {[%clk 01:13:37]} {[%emt
00:08:27]} f5 {[%clk 00:57:04]} {[%emt 00:07:05]} 11. Qb3 {[%clk 01:07:42]}
{[%emt 00:06:25]} e6 {[%clk 00:56:02]} {[%emt 00:01:32]} 12. Bxc6+ {[%clk
01:05:04]} {[%emt 00:03:09]} bxc6 {[%clk 00:55:16]} {[%emt 00:01:15]} 13. Re1
{[%clk 01:01:24]} {[%emt 00:04:11]} dxe5 {[%clk 00:49:51]} {[%emt 00:05:55]}
14. dxe5 {[%clk 00:58:12]} {[%emt 00:03:41]} Bg7 {[%clk 00:45:14]} {[%emt
00:05:07]} 15. Nc3 {[%clk 00:55:05]} {[%emt 00:03:38]} O-O {[%clk 00:44:17]}
{[%emt 00:01:26]} 16. Na4 {[%clk 00:50:15]} {[%emt 00:05:21]} Ba6 {[%clk
00:35:13]} {[%emt 00:09:33]} 17. Nxe6 {[%clk 00:47:50]} {[%emt 00:02:55]} Qa5
{[%clk 00:34:13]} {[%emt 00:01:30]} 18. Bg5 {[%clk 00:36:03]} {[%emt 00:12:17]}
Rfb8 {[%clk 00:32:40]} {[%emt 00:02:03]} 19. Qd1 {[%clk 00:33:47]} {[%emt
00:02:46]} Rb4 {[%clk 00:31:11]} {[%emt 00:01:57]} 20. b3 {[%clk 00:30:29]}
{[%emt 00:03:50]} Rg4 {[%clk 00:28:19]} {[%emt 00:03:21]} 21. f3 {[%clk
00:26:31]} {[%emt 00:04:29]} Rxa4 {[%clk 00:23:49]} {[%emt 00:04:59]} 22. bxa4
{[%clk 00:26:11]} {[%emt 00:00:52]} Qb6+ {[%clk 00:23:57]} {[%emt 00:00:20]}
23. Kh1 {[%clk 00:26:00]} {[%emt 00:00:42]} f4 {[%clk 00:23:57]} {[%emt
00:00:31]} 24. Nxf4 {[%clk 00:21:43]} {[%emt 00:04:47]} Nb4 {[%clk 00:21:54]}
{[%emt 00:02:32]} 25. Qb3+ {[%clk 00:21:17]} {[%emt 00:00:56]} 1-0

[Event "DEM U12w 2025"]
[Site "Willingen GER"]
[Date "2025.06.11"]
[Round "6"]
[White "Wolf, Aurelia"]
[Black "Greither, Flora"]
[Result "1/2-1/2"]
[Termination "normal"]
[Board "16"]
[WhiteElo "1410"]
[BlackElo "1562"]
[WhiteClock "00:40:56"]
[BlackClock "00:27:55"]
[PlyCount "103"]
[WhiteFideId "34671048"]
[BlackFideId "533000697"]
[EventCountry "GER"]
[EventRounds "9"]
[EventType "swiss"]
[EventDate "2025.06.07"]

1. e4 {[%clk 01:30:57]} {[%emt 00:00:02]} e5 {[%clk 01:30:50]} {[%emt
00:00:10]} 2. Nf3 {[%clk 01:31:23]} {[%emt 00:00:05]} Nc6 {[%clk 01:31:12]}
{[%emt 00:00:07]} 3. Bc4 {[%clk 01:31:47]} {[%emt 00:00:07]} Be7 {[%clk
01:30:57]} {[%emt 00:00:44]} 4. d4 {[%clk 01:31:56]} {[%emt 00:00:22]} Nf6
{[%clk 01:28:58]} {[%emt 00:02:29]} 5. Nc3 {[%clk 01:28:36]} {[%emt 00:03:50]}
exd4 {[%clk 01:23:47]} {[%emt 00:05:40]} 6. Nxd4 {[%clk 01:28:45]} {[%emt
00:00:21]} d6 {[%clk 01:23:52]} {[%emt 00:00:26]} 7. O-O {[%clk 01:26:25]}
{[%emt 00:02:50]} O-O {[%clk 01:23:45]} {[%emt 00:00:37]} 8. Re1 {[%clk
01:17:47]} {[%emt 00:09:08]} Bd7 {[%clk 01:20:37]} {[%emt 00:03:38]} 9. Bg5
{[%clk 01:15:52]} {[%emt 00:02:24]} Ne5 {[%clk 01:19:20]} {[%emt 00:01:46]} 10.
Bb3 {[%clk 01:12:37]} {[%emt 00:03:46]} h6 {[%clk 01:16:52]} {[%emt 00:02:58]}
11. Bh4 {[%clk 01:10:35]} {[%emt 00:02:32]} a6 {[%clk 01:12:16]} {[%emt
00:05:07]} 12. f4 {[%clk 01:05:02]} {[%emt 00:06:02]} Ng6 {[%clk 01:12:34]}
{[%emt 00:00:12]} 13. Bg3 {[%clk 01:03:03]} {[%emt 00:02:29]} Bg4 {[%clk
01:08:37]} {[%emt 00:04:26]} 14. Qd3 {[%clk 01:02:53]} {[%emt 00:00:38]} Kh8
{[%clk 01:02:34]} {[%emt 00:06:37]} 15. e5 {[%clk 00:53:59]} {[%emt 00:09:23]}
dxe5 {[%clk 01:01:04]} {[%emt 00:02:00]} 16. fxe5 {[%clk 00:54:05]} {[%emt
00:00:24]} Nh5 {[%clk 00:51:45]} {[%emt 00:09:49]} 17. h3 {[%clk 00:48:55]}
{[%emt 00:05:41]} Bc8 {[%clk 00:51:32]} {[%emt 00:00:41]} 18. Rad1 {[%clk
00:40:42]} {[%emt 00:08:45]} c5 {[%clk 00:46:04]} {[%emt 00:05:57]} 19. Nde2
{[%clk 00:37:51]} {[%emt 00:03:21]} Qxd3 {[%clk 00:38:06]} {[%emt 00:08:28]}
20. Rxd3 {[%clk 00:36:34]} {[%emt 00:01:47]} b5 {[%clk 00:37:28]} {[%emt
00:01:07]} 21. Bd5 {[%clk 00:36:21]} {[%emt 00:00:44]} Ra7 {[%clk 00:30:46]}
{[%emt 00:07:12]} 22. Bh2 {[%clk 00:31:44]} {[%emt 00:05:07]} c4 {[%clk
00:29:03]} {[%emt 00:02:14]} 23. Rdd1 {[%clk 00:30:13]} {[%emt 00:02:00]} Bc5+
{[%clk 00:28:01]} {[%emt 00:01:32]} 24. Kh1 {[%clk 00:29:09]} {[%emt 00:01:25]}
Ne7 {[%clk 00:18:38]} {[%emt 00:10:02]} 25. g4 {[%clk 00:28:26]} {[%emt
00:01:13]} Nxd5 {[%clk 00:16:42]} {[%emt 00:02:26]} 26. Nxd5 {[%clk 00:24:13]}
{[%emt 00:04:43]} Rd7 {[%clk 00:16:34]} {[%emt 00:00:38]} 27. gxh5 {[%clk
00:23:27]} {[%emt 00:01:16]} Bb7 {[%clk 00:16:33]} {[%emt 00:00:31]} 28. Bg1
{[%clk 00:16:00]} {[%emt 00:07:56]} Bxd5+ {[%clk 00:15:12]} {[%emt 00:01:52]}
29. Kh2 {[%clk 00:16:18]} {[%emt 00:00:12]} Bxg1+ {[%clk 00:15:22]} {[%emt
00:00:20]} 30. Kxg1 {[%clk 00:16:04]} {[%emt 00:00:43]} Rfd8 {[%clk 00:15:20]}
{[%emt 00:00:33]} 31. Nf4 {[%clk 00:15:58]} {[%emt 00:00:36]} Bf3 {[%clk
00:14:53]} {[%emt 00:00:56]} 32. Rxd7 {[%clk 00:15:59]} {[%emt 00:00:31]} Rxd7
{[%clk 00:14:59]} {[%emt 00:00:23]} 33. Kf2 {[%clk 00:15:24]} {[%emt 00:01:04]}
Bb7 {[%clk 00:15:07]} {[%emt 00:00:18]} 34. Re2 {[%clk 00:15:43]} {[%emt
00:00:16]} Rd4 {[%clk 00:14:43]} {[%emt 00:00:50]} 35. Ng2 {[%clk 00:15:49]}
{[%emt 00:00:28]} Re4 {[%clk 00:14:43]} {[%emt 00:00:30]} 36. Rxe4 {[%clk
00:15:30]} {[%emt 00:00:48]} Bxe4 {[%clk 00:15:07]} {[%emt 00:00:06]} 37. c3
{[%clk 00:15:51]} {[%emt 00:00:09]} Kg8 {[%clk 00:14:43]} {[%emt 00:00:55]} 38.
Nf4 {[%clk 00:15:14]} {[%emt 00:01:06]} Kf8 {[%clk 00:14:53]} {[%emt 00:00:20]}
39. e6 {[%clk 00:15:34]} {[%emt 00:00:09]} Ke7 {[%clk 00:14:14]} {[%emt
00:01:10]} 40. exf7 {[%clk 00:15:48]} {[%emt 00:00:16]} Kxf7 {[%clk 00:14:21]}
{[%emt 00:00:22]} 41. h4 {[%clk 00:15:22]} {[%emt 00:00:57]} Kf6 {[%clk
00:14:03]} {[%emt 00:00:48]} 42. Ke3 {[%clk 00:14:02]} {[%emt 00:01:50]} Ke5
{[%clk 00:12:32]} {[%emt 00:02:01]} 43. Nh3 {[%clk 00:11:56]} {[%emt 00:02:36]}
Bf5 {[%clk 00:09:57]} {[%emt 00:03:05]} 44. Nf4 {[%clk 00:11:56]} {[%emt
00:00:19]} Bb1 {[%clk 00:08:40]} {[%emt 00:01:49]} 45. a3 {[%clk 00:12:16]}
{[%emt 00:00:19]} Bf5 {[%clk 00:08:39]} {[%emt 00:00:24]} 46. Ng2 {[%clk
00:12:07]} {[%emt 00:00:45]} Bg4 {[%clk 00:07:21]} {[%emt 00:01:26]} 47. Nf4
{[%clk 00:11:57]} {[%emt 00:01:02]} Bf5 {[%clk 00:05:51]} {[%emt 00:02:00]} 48.
Ng2 {[%clk 00:12:00]} {[%emt 00:00:28]} a5 {[%clk 00:01:26]} {[%emt 00:04:56]}
49. Nf4 {[%clk 00:11:13]} {[%emt 00:01:16]} Bg4 {[%clk 00:27:36]} {[%emt
00:04:20]} 50. Ng6+ {[%clk 00:41:27]} {[%emt 00:00:15]} Kd5 {[%clk 00:27:42]}
{[%emt 00:00:25]} 51. Nf4+ {[%clk 00:41:26]} {[%emt 00:00:31]} Kc5 {[%clk
00:27:55]} {[%emt 00:00:17]} 52. Kd2 {[%clk 00:40:56]} {[%emt 00:00:59]}
1/2-1/2